000 01283cam a2200277 i 4500
001 15642
003 DO-SdUEMH
005 20260107153603.0
007 ta
008 211105s dr a|||gr|||||000 0 spa|d
040 _aDO-SdUEMH
_bspa
_erda
041 _aspa
082 1 4 _mRD
_aRD 304.667293
_bL789e
084 _b08-00294
100 _aLIZARDO, JEFREY
_eaut
245 1 0 _aEscenarios para una política de población y desarrollo : República Dominicana, 2000-2015 /
_cJefrey Lizardo, Alejandro Medina ; prólogo: Gilka Meléndez Fernández ; edición de Mildred Minaya
260 _c2003
264 0 1 _aSanto Domingo, República Dominicana :
_bConsejo Nacional de Población y Familia,
_c2003
300 _a310 páginas :
_bilustraciones ;
_c27 cm
336 _2rdacontent
_atexto
_btxt
337 _2rdamedia
_asin mediación
_bn
338 _2rdacarrier
_avolumen
_bnc
505 1 _aAgradecimientos -- Prólogo -- Presentación -- Introducción -- Escenarios para la Educación en la República Dominicana 2000-2015 -- Escenarios para el sector salud en la República Dominicana 2000-2015 -- Escenarios para el sector empleo en la Republica Dominicana 2000-2010 -- Escenarios para el sector vivienda en la República Dominicana 2000-2015.
942 _2ddc
_cBK
_n0
999 _c15642
_d15642